<?xml version="1.0" encoding="UTF-8"?>
<record
    xmlns:xsi="http://www.w3.org/2001/XMLSchema-instance"
    xsi:schemaLocation="http://www.loc.gov/MARC21/slim http://www.loc.gov/standards/marcxml/schema/MARC21slim.xsd"
    xmlns="http://www.loc.gov/MARC21/slim">

  <leader>04850nab a2200301 i 4500</leader>
  <controlfield tag="003">BR-BrBNA</controlfield>
  <controlfield tag="005">20260211125036.0</controlfield>
  <controlfield tag="008">260211b2020    bl.mr|pooa||| 00| 0 eng |</controlfield>
  <datafield tag="040" ind1=" " ind2=" ">
    <subfield code="a">BR-BrBNA</subfield>
    <subfield code="b">eng</subfield>
  </datafield>
  <datafield tag="072" ind1=" " ind2=" ">
    <subfield code="a">F61</subfield>
    <subfield code="b">2120</subfield>
  </datafield>
  <datafield tag="100" ind1=" " ind2=" ">
    <subfield code="a">Silva, Marcelo B. da </subfield>
  </datafield>
  <datafield tag="100" ind1=" " ind2=" ">
    <subfield code="a">Partelli, F&#xE1;bio L. </subfield>
  </datafield>
  <datafield tag="100" ind1=" " ind2=" ">
    <subfield code="a">Gontijo, Ivoney </subfield>
  </datafield>
  <datafield tag="100" ind1=" " ind2=" ">
    <subfield code="a">Caldas, Marcellus M. </subfield>
  </datafield>
  <datafield tag="245" ind1=" " ind2=" ">
    <subfield code="a">Nutritional balance and its relationship to yield in a coffee field: Inferences from geospatial analysis</subfield>
  </datafield>
  <datafield tag="500" ind1=" " ind2=" ">
    <subfield code="a">Publica&#xE7;&#xE3;o on-line; 30 ref.; 5 illus; Sumaries (En, Pt)</subfield>
  </datafield>
  <datafield tag="520" ind1=" " ind2=" ">
    <subfield code="a">

ABSTRACT: Information obtained from studies of spatial variability and the Diagnosis and Recommendation Integrated System (DRIS) may contribute to understanding better the relationship between mineral nutrient balance and factors that limit the crop yield. This study shows that nutritionally balanced plants may be associated with low productivity in Conilon coffee fields. The study was carried out on a highly productive Conilon coffee (Coffea canephora) field, in S&#xE3;o Mateus, state of Esp&#xED;rito Santo, Brazil. A sample grid was established with 100 points, each point linked to one plant. Twenty pairs of leaves from each plant were collected from productive branches to create a sample for nutritional analysis. The rust incidence (Hemileia vastatrix), the presence of the coffee borer (Hypothenemus hampei), and the physical characteristics of the soil were evaluated in each sampled plant. DRIS and Nutrient Balance Index (NBI) were calculated, and from the yield data, they were characterized using descriptive statistics. Maps were created showing the spatial distribution of the NBI, yield, total sand, and incidence of rust and coffee borer. It was verified the low relationship between nutritional balance and yield in Conilon coffee, suggesting that non-nutritional factors also influenced plant production. In areas of the maps with high NBI, the plant&#x2019;s nutritional balance was the main limiting factor of production, since most plants in this area produced less than the average productivity of the plants sampled. The use of a geostatistics tool combined with the NBI resulted in better understanding of the relationship between nutritional and non-nutritional variables on the Conilon coffee yield. 

Key words: Coffea canephora, geostatistics, plant nutrition</subfield>
  </datafield>
  <datafield tag="520" ind1=" " ind2=" ">
    <subfield code="a">

RESUMO: Informa&#xE7;&#xF5;es obtidas a partir de estudos de variabilidade espacial e do Sistema Integrado de Diagnose e Recomenda&#xE7;&#xE3;o (DRIS) poder&#xE3;o contribuir para o melhor entendimento da rela&#xE7;&#xE3;o entre o balan&#xE7;o de nutrientes e os fatores que limitam a produtividade das culturas. Este estudo mostra que plantas equilibradas nutricionalmente podem estar associadas &#xE0; baixa produtividade em caf&#xE9; Conilon (Coffea canephora). O estudo foi realizado em uma lavoura altamente produtiva de caf&#xE9; Conilon em S&#xE3;o Mateus, ES. Foi estabelecida uma grade amostral com 100 pontos, cada ponto relacionado a uma planta. Vinte pares de folhas de cada planta foram coletados de ramos produtivos compondo uma amostra para an&#xE1;lise nutricional. A incid&#xEA;ncia da ferrugem (Hemileia vastatrix), a presen&#xE7;a da broca do caf&#xE9; (Hypothenemus hampei), e caracter&#xED;sticas f&#xED;sicas do solo tamb&#xE9;m foram coletadas para cada planta amostrada. O DRIS e o &#xCD;ndice de Equil&#xED;brio dos Nutrientes (IEN) foram calculados e, com os dados de produtividade, foram caracterizados utilizando estat&#xED;stica descritiva. Foram criados mapas com a distribui&#xE7;&#xE3;o espacial do IEN, produtividade, areia total e incid&#xEA;ncia de ferrugem e da broca do cafeeiro. Verificou-se baixa rela&#xE7;&#xE3;o entre equil&#xED;brio nutricional e produ&#xE7;&#xE3;o no caf&#xE9; Conilon, sugerindo que fatores n&#xE3;o nutricionais tamb&#xE9;m influenciaram na produtividade das plantas. Nas &#xE1;reas dos mapas com alto IEN, o balan&#xE7;o nutricional da planta foi o principal fator limitante da produ&#xE7;&#xE3;o, pois a maioria das plantas nessa &#xE1;rea produziu menos que a produtividade m&#xE9;dia das plantas amostradas. O uso de uma ferramenta geoestat&#xED;stica combinada com o IEN resultou em melhor compreens&#xE3;o da rela&#xE7;&#xE3;o entre vari&#xE1;veis nutricionais e n&#xE3;o nutricionais sobre a produtividade de caf&#xE9; Conilon. 

Palavras-chave: Coffea canephora, geoestat&#xED;stica, nutri&#xE7;&#xE3;o mineral de plantas</subfield>
  </datafield>
  <datafield tag="650" ind1=" " ind2=" ">
    <subfield code="a">CAF&#xC9;</subfield>
  </datafield>
  <datafield tag="650" ind1=" " ind2=" ">
    <subfield code="a">GEOESTAT&#xCD;STICA</subfield>
  </datafield>
  <datafield tag="650" ind1=" " ind2=" ">
    <subfield code="a">ABSOR&#xC7;&#xC3;O DE NUTRIENTES</subfield>
  </datafield>
  <datafield tag="650" ind1=" " ind2=" ">
    <subfield code="a">FISIOLOGIA VEGETAL</subfield>
  </datafield>
  <datafield tag="650" ind1=" " ind2=" ">
    <subfield code="a">PRODUTIVIDADE</subfield>
  </datafield>
  <datafield tag="773" ind1="0" ind2=" ">
    <subfield code="0">3534</subfield>
    <subfield code="9">317793</subfield>
    <subfield code="d">Campina Grande-PB Universidade Federal de Campina Grande. Centro de Ci&#xEA;ncias e Tecnologia 1997</subfield>
    <subfield code="o">2024-4514</subfield>
    <subfield code="t">Revista Brasileira de Engenharia Agr&#xED;cola e Ambiental (Brazil)</subfield>
    <subfield code="x">1415-4366</subfield>
    <subfield code="g">v. 24 (12) p. 834-839; (2020)</subfield>
    <subfield code="w">BR2025002199</subfield>
  </datafield>
  <datafield tag="856" ind1=" " ind2=" ">
    <subfield code="u">https://www.scielo.br/j/rbeaa/a/5yHS6CjpLxx4Rvk75Kws5qp/?format=pdf&amp;lang=en</subfield>
  </datafield>
  <datafield tag="942" ind1=" " ind2=" ">
    <subfield code="c">ANA</subfield>
  </datafield>
  <datafield tag="999" ind1=" " ind2=" ">
    <subfield code="c">340064</subfield>
    <subfield code="d">340064</subfield>
  </datafield>
</record>
